Využitie simulačných hier v procese výučby predmetu odbytová stratégia podniku v zameraní na segmentáciu trhu

Simulačná hra zameraná na segmentáciu trhu, ktorá bola realizovaná v rámci predmetu Odbytová stratégia podniku a poukazuje na výsledky prieskumu jej vnímania zo strany študentov.

Saved in:
Bibliographic Details
Main Author: Pčolinská, Lenka
Format: Book Chapter
Language:Slovak
Subjects:
Tags: Add Tag
No Tags, Be the first to tag this record!

MARC

LEADER 00000nla a2200000 4500
001 0164967
005 20240614080940.7
041 0 |a slo 
044 |a SK 
245 1 0 |a Využitie simulačných hier v procese výučby predmetu odbytová stratégia podniku v zameraní na segmentáciu trhu  |c Lenka Pčolinská 
520 |a Simulačná hra zameraná na segmentáciu trhu, ktorá bola realizovaná v rámci predmetu Odbytová stratégia podniku a poukazuje na výsledky prieskumu jej vnímania zo strany študentov. 
610 2 0 |a univerzity 
610 2 0 |a vzdelávanie vysokoškolské 
610 2 0 |a programy študijné 
610 2 0 |a predmety učebné 
610 2 0 |a výučba vedecká 
610 2 0 |a hry simulačné manažérske 
100 1 |a Pčolinská, Lenka